| 000 | 01652nam0a2200325 i 4500 | ||
|---|---|---|---|
| 001 | RU\NLR\bibl\1898004 | ||
| 005 | 20260406014334.0 | ||
| 010 |
_a9785919670605 _91000 |
||
| 021 |
_aRU _b2012-26426 _91971 |
||
| 035 | _a(NLR Aleph) 001887649 | ||
| 090 |
_a2876345 _c2876345 |
||
| 100 | _a20120502d2012 u y0rusy50 ca | ||
| 101 | 0 | _arus | |
| 102 | _aRU | ||
| 105 | _aa ||||||||| | ||
| 200 | 1 |
_aКрасная книга сердца и памяти _e[хроника ветеранского движения в Вологодском районе (1986-2011) _fавт.-сост.: Н.А. Чухина _gредкол.: В.С. Иванов и др.] |
|
| 210 |
_aВологда _c[б.и.] _d2012 |
||
| 215 |
_a126 с., [8] л. цв. ил., портр. _cил., портр. _d22 |
||
| 300 | _aНа тит.л. и обл.: К 25-летию Вологодской районной организации ветеранов войны и труда | ||
| 601 | 0 | 2 |
_aВологодская районная организация ветеранов войны и труда _92134053 _3RU\NLR\auth\661591304 |
| 686 | _aЦ4,6(2)243.3л(2Р-4Вол)9 | ||
| 686 | _aТ3(2)74-38 | ||
| 702 | 1 |
_aЧухина _bН. А. _4220 |
|
| 702 | 1 |
_4340 _7ca _8rus _aИванов _bВ. С. _cобществ. деятель _gВладимир Сергеевич _9102755 _3RU\NLR\auth\77119830 |
|
| 801 | 0 |
_aRU _bNLR _c20120502 _gRCR |
|
| 801 | 1 |
_aRU _bNLR _c20120502 |
|
| 942 | _cBOOK | ||
| 980 | _aNBR | ||